El arte de la guerra completo

Gorde:
Xehetasun bibliografikoak
Egile Nagusiak: Tzu, Sun (Egilea), Pin, Sun (Egilea)
Formatua: Liburua
Hizkuntza:gaztelania
Argitaratua: Buenos Aires Distal 2011
Gaiak:
Etiketak: Etiketa erantsi
Etiketarik gabe, Izan zaitez lehena erregistro honi etiketa jartzen!

MARC

LEADER 00000cam a2200000 a 4500
001 UCF1995
003 CL-VaPUC
008 120802e20110000AG |||||||||||||||||spa|d
020 |a 9789875020092 
082 0 4 |a 355.42  |b TZU  |2 21 
100 0 |a Tzu, Sun  |e author  |9 460263 
700 0 |a Pin, Sun  |e author  |9 563578 
245 1 3 |a El arte de la guerra completo 
300 |a 240 p 
942 |c BK 
945 |d 20120802 00:00:00  |a dcastane 
260 |a Buenos Aires  |b Distal  |c 2011 
500 |a Traducido por: Ralph D. Sawyer 
650 0 |a Tácticas de guerra  |9 438854 
650 0 |a Guerra  |9 255876 
583 |a last modification  |c 20120806 12:18:13  |k Rodrigo Vera 
999 |c 348678  |d 348676 
952 |0 0  |1 0  |4 0  |6 355_420000000000000_TZU_2011  |7 0  |8 A  |9 450811  |a BIBING  |b BIBING  |d 2019-11-22  |i 4873491  |l 3  |o 355.42 TZU 2011  |p 4873491  |r 2025-01-20  |s 2024-04-17  |w 2019-11-22  |y BK  |k CUI